आभाळरंग (Record no. 1233102)

MARC details
000 -LEADER
fixed length control field 00481nam a2200181Ia 4500
008 - FIXED-LENGTH DATA ELEMENTS--GENERAL INFORMATION
fixed length control field 151121s9999||||xx |||||||||||||| ||und||
082 ## - DEWEY DECIMAL CLASSIFICATION NUMBER
Classification number 813-/ठकार
082 ## - DEWEY DECIMAL CLASSIFICATION NUMBER
Item number HNW-46608
100 ## - MAIN ENTRY--PERSONAL NAME
Personal name ठकार अंजलि
245 ## - TITLE STATEMENT
Title आभाळरंग
260 ## - PUBLICATION, DISTRIBUTION, ETC. (IMPRINT)
Date of publication, distribution, etc --
300 ## - PHYSICAL DESCRIPTION
Extent 218
600 ## - SUBJECT ADDED ENTRY--PERSONAL NAME
Personal name ठकार अंजलि
630 ## - SUBJECT ADDED ENTRY--UNIFORM TITLE
Uniform title आभाळरंग
700 ## - ADDED ENTRY--PERSONAL NAME
Personal name ठकार अंजलि
730 ## - ADDED ENTRY--UNIFORM TITLE
Uniform title आभाळरंग
942 ## - ADDED ENTRY ELEMENTS (KOHA)
Koha item type Book
Holdings
Withdrawn status Lost status Damaged status Not for loan Home library Current library Date acquired Total Checkouts Full call number Barcode Date last seen Price effective from Koha item type
        Hirachand Nemchand Wachanalaya, Solapur Hirachand Nemchand Wachanalaya, Solapur 11/21/2015   HNW-46608 HNW-46608 11/21/2015 11/21/2015 Book